Adolphe Appia 1862-1928 (Record no. 613)

MARC details
000 -LEADER
campo de control de longitud fija 00601nam a22001577a 4500
008 - DATOS DE LONGITUD FIJA--INFORMACIÓN GENERAL
campo de control de longitud fija 150522b xxu||||| |||| 00| 0 eng d
020 ## - NÚMERO INTERNACIONAL ESTÁNDAR DEL LIBRO
Número Internacional Estándar del Libro 0714539643
082 ## - NÚMERO DE LA CLASIFICACIÓN DECIMAL DEWEY
Número de clasificación 792
Número de ítem B 114a
100 ## - ENTRADA PRINCIPAL--NOMBRE DE PERSONA
Nombre de persona Bablet, Denis; Bablet, Marie-Louise
9 (RLIN) 2742
245 ## - MENCIÓN DEL TÍTULO
Título Adolphe Appia 1862-1928
Resto del título actor-space-light
Mención de responsabilidad, etc. Bablet, Denis; Bablet, Marie-Louise
260 ## - PUBLICACIÓN, DISTRIBUCIÓN, ETC.
Lugar de publicación, distribución, etc. New York
Nombre del editor, distribuidor, etc. London/Riverrun Press
Fecha de publicación, distribución, etc. 1982
300 ## - DESCRIPCIÓN FÍSICA
Extensión 94 p.
Otras características físicas ill.
Dimensiones 20x18 cm
600 ## - PUNTO DE ACCESO ADICIONAL DE MATERIA--NOMBRE DE PERSONA
Nombre de persona Appia, Adolphe
Fechas asociadas al nombre 1862-1928
Subdivisión general Exhibiciones
9 (RLIN) 2743
650 ## - PUNTO DE ACCESO ADICIONAL DE MATERIA--TÉRMINO DE MATERIA
Subdivisión general Teatro
-- Diseño de escena
-- Representaciones teatrales
9 (RLIN) 2744
700 ## - ENTRADA AGREGADA--NOMBRE PERSONAL
Nombre de persona Denis Bablet, Marie-Louise Bablet
9 (RLIN) 2745
Holdings
Estatus retirado Estado de pérdida Fuente del sistema de clasificación o colocación Estado de daño No para préstamo Biblioteca de origen Biblioteca actual Ubicación en estantería Fecha de adquisición Total de préstamos Signatura topográfica completa Código de barras Visto por última vez Precio de reemplazo Tipo de ítem Koha
    Clasificación Decimal Dewey     Biblioteca LadoV Biblioteca LadoV   22/05/2015   792 B 114a 000574 22/05/2015 22/05/2015 Material 01